Statistics for Filosofer fra antikken

Click here to take the quiz!

General Stats

  • This quiz has been taken 121 times
  • The average score is 7 of 16

Answer Stats

HintAnswer% Correct
Blitt kalt logikkens far og den første vitenskapsmannen, filosoferte over logikk, retorikk, etikk (dydsetikk), politikk, fysikk, metafysikk, biologi og poesiAristoteles
88%
Kjent for sin metafysikk om ideenes verden (og hulelignelsen), og sin politiske filosofi (i boken Staten) om at filosofer bør styre samfunnetPlaton
88%
Kjent for sin metode for å vekke innsikt hos folk, til han ble henrettet for ateisme; skrev aldri noen bøker selvSokrates
88%
Filosofen opptatt av matematisk mystisisme, at tallene er grunnlaget for altPytagoras
59%
Den første naturfilosofen, som mente vann var grunnlaget for alt som finnesThales
56%
Den store kinesiske filosofen som fremmet rolleetikk med respekt for autoritetspersoner, og moralsk adferd og korrekt ritual i forfedredyrkingenKonfusius
44%
Kjent for atomisme, den gang en materialistisk filosofi om at alt består av atomerDemokrit
41%
Kjent for å ha brukt begrepet logos om et kosmisk prinsipp (som det Absolutte), og ha sagt at alt endresHeraklit
32%
Atomist, materialist og hedonist som ikke trodde på noe liv etter dødenEpikur
29%
Den mytiske kinesiske filosofen som skal ha grunnlagt daoismen, om å handle i balanse med naturen og Dao (veien)Laozi
29%
Grunnla stoisismen, en filosofi/religion som vektla dyder og tro på logosZenon
27%
Den buddhistiske filosofen som sa at alt er tomhet og kan ikke eksistere evig (eller ikke egentlig eksisterer i det hele tatt)Nagarjuna
24%
Den første agnostikeren, som sa at man ikke kan vite om gudene finnesProtagoras
22%
Den første deisten, som ikke trodde på de greske gudene slik de ble fremstiltXenofanes
20%
Grunnla nyplatonismen, en filosofi/religion som vektla tro på det Ene, inspirert av Platons metafysikkPlotin
17%
Hindu-filosofen i tidlig middelalder som fremmet frelse (moksha) gjennom kunnskap om monisme, at atman og Brahman (sjelen og det Absolutte) er ettAdi Shankara
12%

Score Distribution

Percentile by Number Answered

Percent of People with Each Score

Your Score History

You have not taken this quiz